000 00337nam a22001337a 4500
020 _a1-84236-473-1
082 _a030
_bMAR/S
100 _aMARSHALL, ANNE
245 _aCHILDREN'S SCIENCE ENCYCLOPEDIA
260 _aGREAT BRITAIN
_bMILES KELLY PUBLISHING
_c2005
300 _a235
650 _aGENERAL KNOWLEDGE
_zGREAT BRITAIN
942 _cBK
999 _c2165
_d2165